1903 1772 1197 1177 1750 1305 1110 1650 1861 1036 1298 1302 1694 1002 1101 1805 1961 1475 1862 1577 1696 1105 1701 1771 1691 1376 1397 1846 1255 1733 1435 1361 1113 1554 1488 1586 1012 1990 1446 1276 1567 1126 1331 1055 1820 1943 1325 1651 1140 1413 1336 1812 1691 1062 1562 1274 1991 1093 1373 1907 1937 1448 1153 1701 1304 1923 1113 1989 1536 1941 1388 1227 1616 1700 1469 1181 1456 1668 1729 1904 1483 1673 1560 1401 1711 1194 1557 1478 1742 1161 1785 1616 1973 1851 1652 1734 1580 1732 1066 BCNSPRNW ULIB Ver.6.0+V

เปลี่ยนเป็นภาษาไทย

Change to English
 แสดงรายละเอียดบรรณานุกรม
  กลับหน้าหลัก

Brief Record : Get Marc (ISO 2709) : E-mail record : QR code < ปิดหน้าต่าง
LEADER : 00000nam 2200000uu 4500
001    13399125136
003     ULIB
008    161006s2545||||th 000 0 tha d
050  4 ^aBQ4195^bห313ห
100 0  ^aพระสุธรรมยานเถร
245 10 ^aหลวงพ่อตอบปัญหาธรรม ฉบับพิเศษ เล่ม 3 /^cพระสุธรรมยานเถร
250    ^aพิมพ์ครั้งที่ 1
260    ^aกรุงเทพฯ :^b[ม.ป.พ.],2545
650  7 ^aหลวงพ่อตอบปัญหาธรรมฉบับพิเศษ เล่ม 3
945    ^p0^l0^i001384
999    ^aณรีรัตน์ วารุกา
รายการนี้ยังไม่มีแท็ก
คุณยังไม่ได้ล็อกอิน คุณสามารถมีกิจกรรมร่วมกับเว็บไซต์ได้ แต่ต้องล็อกอินก่อน ::
  ล็อกอิน

รายการสื่อสารสนเทศ

ลำดับที่ ประเภท เลขเรียก/บาร์โค้ด สถานที่ สถานะ
1. วิทยาศาสตร์การแพทย์ และสุขภาพ
วิทยาศาสตร์การแพทย์ และสุขภาพ
BQ4195 ห313ห ฉ.1 
  Barcode: 001384
ห้องสมุดวิทยาเขตสวรรค์ประชารักษ์
►หนังสือทั่วไป
บนชั้น

BibComment


ยังไม่เคยถูกคอมเมนท์

คอมเมนท์ทรัพยากรรายการนี้
  คอมเมนท์: หลวงพ่อตอบปัญหาธ..


 Copyright 2026. Bcnsprnw @Library